000 00436nam a2200133 a 4500
008 120416s1965 ||||||||||||||||| || u
050 _aTP 857 Ell
100 _aElliott, Patricia
245 1 0 _aGlass
260 _aU.K.
_bPilkington
_c1965
300 _a79p. : ill.
350 _a0.00
995 _D0.00
_FCBU-MAIN LIBRARY (Kitwe)
_H1
_I2.50
_UAVAILABLE
_ZAnnex Low-Usage Collection
999 _c44597
_d44597